| 000 | 01450cam a22003735a 4500 | ||
|---|---|---|---|
| 001 | 14488273 | ||
| 005 | 20160216142638.0 | ||
| 008 | 060809s2016 enka frd f000 0 eng d | ||
| 010 | _a 2006025921 | ||
| 020 | _a9780194323475 | ||
| 020 | _a9780194323468 (online practice pack) | ||
| 020 | _a9780194323413 (student book as pack component) | ||
| 020 | _a9780194333917 (online) | ||
| 035 | _a(OCoLC)ocm71126659 | ||
| 040 |
_aDLC _beng _cDLC _dYDX _dBAKER _dYDXCP _dBTCTA _dOCLCG _dVP@ _dDLC _dEG-ScBUE |
||
| 082 | 0 | 4 |
_a808.042076 _bSAV _222 |
| 100 | 1 |
_aSavage, Alice _d1962- _927390 |
|
| 245 | 1 | 0 |
_aEffective academic writing. _n1, _pThe paragraph / _cAlice Savage, Masoud Shafiei. |
| 250 | _a2nd ed. | ||
| 260 |
_aOxford ; _aNew York : _bOxford University Press, _c2016. |
||
| 300 |
_aviii, 160 p. : _bill. ; _c28 cm. |
||
| 500 | _aIncludes appendix. | ||
| 500 | _aIncludes glossary. | ||
| 500 | _aIncludes Student online access code "www.effectiveacademicwriting.com" | ||
| 650 | 0 |
_aEnglish language _xRhetoric _vProblems, exercises, etc. _2BUEsh |
|
| 650 | 0 |
_aEnglish language _xParagraphs _vProblems, exercises, etc. _2BUEsh _934104 |
|
| 650 | 0 |
_aEnglish language _vTextbooks for foreign speakers. _2BUEsh |
|
| 650 | 0 |
_aAcademic writing _vProblems, exercises, etc. _2BUEsh |
|
| 651 | _2BUEsh | ||
| 653 |
_bEEENG _cFebruary2016 |
||
| 700 | 1 | _aShafiei, Masoud. | |
| 856 | 4 | 1 |
_3Student online access _uwww.effectiveacademicwriting.com |
| 942 | _2ddc | ||
| 999 |
_c21168 _d21140 |
||